1313 1650 1472 1812 1923 1052 1814 1436 1939 1281 1950 1473 1703 1454 1248 1511 1078 1664 1303 1833 1786 1834 1633 1075 1044 1784 1923 1982 1360 1895 1800 1171 1565 1429 1311 1095 1147 1696 1198 1353 1128 1237 1393 1676 1654 1363 1975 1333 1369 1409 1024 1778 1433 1954 1245 1875 1443 1424 1330 1590 1670 1438 1488 1185 1533 1538 1098 1730 1789 1163 1990 1406 1149 1269 1930 1464 1813 1244 1673 1157 1023 1763 1010 1653 1175 1833 1854 1598 1069 1483 1727 1599 1849 1841 1273 1728 1694 1418 1984 BCNSPRNW ULIB Ver.6.0+V

เปลี่ยนเป็นภาษาไทย

Change to English
 แสดงรายละเอียดบรรณานุกรม
  กลับหน้าหลัก

Brief Record : Get Marc (ISO 2709) : E-mail record : QR code < ปิดหน้าต่าง
LEADER : 00000nam 2200000uu 4500
001    13399111308
003     ULIB
008    110622s2549||||th 000 0 tha d
020    9744655402
060  4 QT255^bส731ค
100 0  สิริพิมล อัญชลิสังกาศ
245 00 คู่มือโยคะวัยรุ่นสำหรับฝึกปฏิบัติด้วยตนเอง /^cสิริพิมล อัญชลิสังกาศ, บรรณาธิการ
250    พิมพ์ครั้งที่ 3
260    กรุงเทพ:^bกองการแแพทย์ทางเลือกกรมพัฒนาการแพทย์แผนไทยและการแพทย์ทางเลือก^c2549
300    104 หน้า :^bภาพประกอบ ;^c21 ซม.
500    มีพิมพ์ครั้งที่ 4 ปี 2551
650  7 โยคะ
650  7 โยคะ (กายบริหาร)
700 0  สิริพิมล อัญชลิสังกาศ^eบรรณาธิการ
710 2  กรมพัฒนาการแพทย์แผนไทยและการแพทย์ทางเลือก
945    ^p0^l0^i14021
945    ^p0^l0^i14019
945    ^p0^l0^i14022
945    ^p0^l0^i14020
945    ^p0^l0^i14018
995    กัณชพร
999    ^aใช้งานได้ทุกระบบ
รายการนี้ยังไม่มีแท็ก
คุณยังไม่ได้ล็อกอิน คุณสามารถมีกิจกรรมร่วมกับเว็บไซต์ได้ แต่ต้องล็อกอินก่อน ::
  ล็อกอิน

รายการสื่อสารสนเทศ

ลำดับที่ ประเภท เลขเรียก/บาร์โค้ด สถานที่ สถานะ
- ไม่พบข้อมูล -

รายการใกล้เคียง
    หัวเรื่อง [โยคะ]
    หัวเรื่อง [โยคะ (กายบริหาร)]

BibComment


ยังไม่เคยถูกคอมเมนท์

คอมเมนท์ทรัพยากรรายการนี้
  คอมเมนท์: คู่มือโยคะวัยรุ่น..


 Copyright 2026. Bcnsprnw @Library